| 000 | 00735nam a2200229Ia 4500 | ||
|---|---|---|---|
| 001 | 12812 | ||
| 003 | GE_BSU | ||
| 008 | 181216s||||||||xx |||||||||||||| ||und|| | ||
| 040 | _cGE_BSU | ||
| 080 | _a631.3(075.8) | ||
| 100 | _aВасильев,Б.А. Мер,И.И.Прудников,Т. Рябов,Г.А. | ||
| 245 | _aМелиоративные и строительные машины | ||
| 245 | _bУчебник | ||
| 245 | _cРед.Н.М.Щербакова | ||
| 250 | _a3-е перер. и доп. | ||
| 260 | _aМосква | ||
| 260 | _bАгропромиздат | ||
| 260 | _c1986 | ||
| 300 | _a431стр.илл.20см. | ||
| 653 | _aМелиоративные и строительные машины | ||
| 942 | _cBK | ||
| 999 |
_c45983 _d45983 |
||